Music Quiz

Random Music or The Beatles Quiz

Guess the Beatles Lyrics Quiz Stats

 Plays Quiz not verified by Sporcle

Score 0/66 Timer 05:00
0 Plays Today
lyric % Correct
a
92.9%
a
92.9%
a
92.9%
a
92.9%
a
92.9%
a
92.9%
love
83.8%
she
74.3%
she
74.3%
to
71.8%
to
71.8%
Her
67.6%
Her
67.6%
her
67.6%
her
67.6%
Her
67.6%
her
67.6%
her
67.6%
of
59%
that
54.6%
but
52.5%
but
52.5%
but
52.5%
have
51.9%
girl
51.5%
girl
51.5%
girl
51.5%
I'm
51.2%
I'm
51.2%
from
50.9%
wanna
49.2%
I
49%
I
49%
lyric % Correct
I
49%
say
48.8%
mine
47.3%
mine
47.3%
day
47%
day
47%
lot
46.6%
lot
46.6%
tell
46%
gonna
44.7%
gonna
44.7%
make
44.6%
make
44.6%
doesn't
44%
oh,
43.6%
gotta
43.4%
yeah
41.4%
get
40.6%
Majesty's
40.4%
Majesty's
40.4%
Majesty's
40.4%
pretty
40%
pretty
40%
pretty
40%
nice
39.6%
nice
39.6%
nice
39.6%
wine.
36.6%
full
36.4%
belly
36.2%
changes
34.3%
someday
34.1%
someday
34.1%

You're not logged in!

Compare scores with friends on all Sporcle quizzes.
OR
Log In

Show Comments

Extras

Top Quizzes Today


Score Distribution

Your Account Isn't Verified!

In order to create a playlist on Sporcle, you need to verify the email address you used during registration. Go to your Sporcle Settings to finish the process.

Report this User

Report this user for behavior that violates our Community Guidelines.

Details: